MARC

LEADER 00000nam0a2200000 4500
001 324167
005 20231102003637.0
035 |a (RuTPU)RU\TPU\book\349764 
035 |a RU\TPU\book\240490 
090 |a 324167 
100 |a 20161109d1911 m y0rusy50 ca 
101 0 |a rus 
102 |a UA 
105 |a a j 000zy 
200 1 |a Курс сопротивления материалов  |f С. П. Тимошенко 
210 |a Киев  |c Издание книжнаго магазина Л. Идзиковскаго  |c Лито-Типография С. В. Кульженко  |d 1911 
215 |a IV, 517, [1], V с.  |c ил. 
300 |a Текст в русской дореформенной орфографии 
316 |5 63413507: М-133134  |a Владельчесая подпись: "Бутаков", штамп-экслибрис И. Н. Бутакова и книжного магазина В. А. Феофанова в Томске 
317 |5 63413507: М-133134  |a Поступила в НТБ в 1970 г. в составе книжного собрания профессора ТПИ И. Н. Бутакова 
606 1 |a Сопротивление материалов  |2 stltpush  |3 (RuTPU)RU\TPU\subj\55554  |9 73567 
610 1 |a теория прочности 
610 1 |a теория упругости 
610 1 |a кривые брусья 
610 1 |a изгиб пластин 
610 1 |a упругие системы 
610 1 |a устойчивость 
610 1 |a колебания 
610 1 |a учебные пособия 
610 1 |a владельческая надпись 
610 1 |a владельческие знаки 
610 1 |a экслибрисы 
610 1 |a библиотека И. Н. Бутакова 
675 |a 539.3/.6(075.8)  |v 3 
700 1 |a Тимошенко  |b С. П.  |c русский ученый-механик  |f 1878-1972  |g Степан Прокофьевич  |2 stltpush  |3 (RuTPU)RU\TPU\pers\25839  |9 11712 
801 1 |a RU  |b 63413507  |c 20120822 
801 2 |a RU  |b 63413507  |c 20190910  |g RCR 
942 |c BK